000 01646cam a22004694i 4500
003 PE-LiUPU
005 20250731173227.0
008 150625s1991 miu rb 000 0 eng d
020 _a0802824013
035 _a(Sirsi) i9780802824011
040 _aPE-LiUPU
_bspa
_cPE-LiUPU
_erda
049 _aPRUA
082 0 4 _a225.07
_bNICNT
_221
100 1 _aBruce, F.F.,
_eautor.
245 1 4 _aThe Epistles to the Colossians to Philemon and to the Ephesians /
_cF.F. Bruce.
264 1 _aGrand Rapids, Michigan :
_bEerdmans,
_c1991.
300 _a442 páginas ;
_c22 centímetros.
336 _atext
_2rdacontent
337 _aunmediated
_2rdamedia
338 _avolume
_2rdacarrier
490 0 _aThe New International Commentary on the New Testament
504 _aNotas bibliográficas al pie de páginas.
526 _aSEG42
526 _aSEG41
526 _aSEG40
526 _aSEG39
526 _aP94
526 _aP87
526 _aP86
526 _aP85
526 _aP77
526 _aP76
526 _aP35
630 _aBiblia.
_pN.T.
_pColosenses
_xComentarios.
630 _aBiblia.
_pN.T.
_pFilemón
_xComentarios.
942 _2ddc
_cBOOK
949 _a225.07 NICNT 12
_wDEWEY
_c1
_i37778
_d2016-9-30
_e2016-9-27
_lCCODEBUL1
_mBUL
_n1
_r0
_sY
_tBOOK
_u2015-6-25
_xTEOLOGIA
_zUNKNOWN
_0COMPRA
_o.STAFF. Colección General
994 _aC0
_bPEPRU
596 _a1
999 _a225.07 NICNT 12
_wDEWEY
_c42040
_i37778
_d42040
_e2016-9-27
_f2021-11-9
_g5
_lCCODEBUL1
_mBUL
_n1
_p37.51
_q3
_r0
_sY
_tBOOK
_u2015-6-25
_xTEOLOGIA
_PP35
_0COMPRA
_o.STAFF. Colección Teología
980 _81
_gALBERTO SANCHEZ Responsable de Automatización